| 000 | 00730nas a2200217 a 4500 | ||
|---|---|---|---|
| 001 | 000037107 | ||
| 003 | DO-SdBNP | ||
| 005 | 20240917152715.0 | ||
| 008 | 120214c19509999dr fr1pdd 0 0spa d | ||
| 040 |
_aDO-SdBNP _bspa _cDO-SdBNP _erda |
||
| 043 | _anwdr | ||
| 245 | 0 | 0 | _aBoletin mucipal. |
| 246 | _aBoletin municipal : organo del honorable ayuntamiento de la común de San Cristóbal | ||
| 260 |
_aSan Cristobal, Ciudad Benemérita : _bAyuntamiento de San Cristóbal, _c1950. |
||
| 300 |
_av. ; _c23 cm. |
||
| 310 |
_aAño V Enero a Junio de 1950, No. 14 _b1950 |
||
| 362 | _aSemestral | ||
| 650 | 4 |
_aAyuntamientos municipales _zRepública Dominicana _963516 |
|
| 651 | 0 |
_aRepública Dominicana _910483 |
|
| 942 |
_2ddc _cISSUE |
||
| 999 |
_c36597 _d36597 |
||